Přeskočit na obsah

Философия естествознания: ретроспективный взгляд Монография

Данный труд инициирован 50-летием со времени образования Сектора философии естествознания в структуре Института философии АН СССР (ныне РАН). Отмечаются условия образования Сектора — расцвет так называемой неклассической науки и обострение идеологической борьбы в послевоенный период. Рассматривается...

Celý popis

Uloženo v:
Podrobná bibliografie
Médium: Монография
Vydání:1
On-line přístup:https://znanium.com/catalog/document?id=288274
https://znanium.com/cover/0346/346747.jpg
Tagy: Přidat tag
Žádné tagy, Buďte první, kdo otaguje tento záznam!
LEADER 02683nam0a2200301 i 4500
001 RU\infra-m\znanium\bibl\346747
003 https://znanium.com/catalog/document?id=288274
005 20250807000000.0
010 |a 978-5-201-02026-2 
100 |a 20250807d2012 m y0rusy0150 ca 
101 0 |a rus 
102 |a RU 
200 1 |a Философия естествознания: ретроспективный взгляд  |e Монография 
205 |a 1 
210 1 |a Москва  |c ИФ РАН  |d 2000 
215 |a 291 с. 
330 |a Данный труд инициирован 50-летием со времени образования Сектора философии естествознания в структуре Института философии АН СССР (ныне РАН). Отмечаются условия образования Сектора — расцвет так называемой неклассической науки и обострение идеологической борьбы в послевоенный период. Рассматривается динамика проблем — от философии физики до проблем научного поиска вопросов строения и функций научной теории природы научного метода социологии познания. Показывается что разработка философии естествознания явилась успешной поскольку велась в тесном взаимодействии с представителями самих наук о природе. В области философии естествознания сложилась определенная научная школа которую благословил С.И.Вавилов и первыми научными руководителями были И.В.Кузнецов М.Э.Омельяновский и Б.М.Кедров. 
333 |a ВО - Магистратура 
606 |a Философия  |x Философия природы и экологии  |2 local 
608 |a Монография  |2 local 
675 |a 10  |z rus 
686 |a 87  |2 rubbk 
686 |a 00.03.11  |2 okso 
686 |a 00.05.11  |2 okso 
686 |a 47.03.01  |2 okso 
801 0 |a RU  |b Общество с ограниченной ответственностью «ЗНАНИУМ»  |c 20120222  |2 rusmarc 
856 4 |a znanium.com  |m ebs_support@infra-m.ru  |n НИЦ ИНФРА-М  |u https://znanium.com/catalog/document?id=288274 
856 4 1 |a znanium.com  |d /cover/0346  |f 346747.jpg  |u https://znanium.com/cover/0346/346747.jpg